Top 30 Smallest Pokémon - Statistics

General Stats
  • This quiz has been taken 5 times
  • The average score is 12 of 30
Answer Stats
Types Answer % Correct
Grass-Dragon Applin
80%
Bug-Fairy Cutiefly
60%
Ground Diglett
60%
Fairy Flabebe
60%
Fairy Floette
60%
Bug-Electric Joltik
60%
Ghost-Fairy Mimikyu
60%
Grass Shaymin (Land)
60%
Water Wishiwashi
60%
Fairy Comfey
40%
Electric-Fairy Dedenne
40%
Psychic Flittle
40%
Steel-Fairy Klefki
40%
Ghost Polteageist
40%
Bug-Fairy Ribombee
40%
Ghost Sinistea
40%
Normal Terapagos (Normal)
40%
Electric Tynamo
40%
Psychic Cosmoem
20%
Grass-Poison Foongus
20%
Ghost Gimmighoul (Roaming)
20%
Steel Meltan
20%
Fairy Milcery
20%
Grass-Fairy Morelull
20%
Bug Nymble
20%
Grass-Ghost Poltchageist
20%
Bug Rellor
20%
Flying Rookidee
20%
Poison-Normal Shroodle
20%
Fairy Spritzee
20%
No matching quizzes found
Score Distribution
Percent of People with Each Score
Percentile by Number Answered
Your Score History
You have not taken this quiz